| 000 | 00668nam a2200181Ia 4500 | ||
|---|---|---|---|
| 008 | 151018s9999 xx 000 0 und d | ||
| 082 |
_bRBASDV4010 _a891.463 |
||
| 100 | _aदुर्गा - भागवत | ||
| 245 | _aदख्खनच्या लोककथा भाग १ | ||
| 250 | _b2 | ||
| 260 |
_bचित्रशाळा प्रकाशन _c1960 |
||
| 300 | _a40 | ||
| 600 | _aदुर्गा - भागवत | ||
| 630 | _aदख्खनच्या लोककथा भाग १ | ||
| 700 | _aदुर्गा - भागवत | ||
| 730 | _aदख्खनच्या लोककथा भाग १ | ||
| 942 | _cBOOK | ||
| 999 |
_c1006412 _d1006409 |
||